000 01098aam a2200397a 44500
008 071121s2007 cat
020 _a9782550493648
041 _acat
041 _aeng
041 _afre
041 _aglg
041 _aita
041 _arum
041 _aspa
080 _a621.863(038)
245 _aLexique panlatin des chariots de manutention
260 _aQuébec
_bOffice québecois de la langue française
_c2007
300 _a418 p.
_c24 cm
500 _aCategoria gramatical, remissions
500 _btermcat
520 _a300
591 _a9693
592 _aObra terminològica
593 _aLH
594 _a9693
650 _aaparells elevadors
_961338
650 _amanipulació de materials
_961046
856 _uhttps://www.oqlf.gouv.qc.ca/ressources/bibliotheque/dictionnaires/terminologie_manutention_panl/manutention_.pdf
901 _c<2007>
902 _a071121
942 _cMO
_n0
_2ddc
999 _c64672
_d64672